000 00340nam a2200145Ia 4500
003 OSt
008 191201s2013 xx 000 0 und d
082 _a551
_bSIE
100 _aSINGH, Parbin
245 0 _aEngineering and General Geology
260 _aN. Delhi
_bS.K.Kataria
_c2013
300 _a591
650 _aB.Tech(CE)
942 _2ddc
_cBK
999 _c5887
_d5887